Mazeed Hamaqatain / مزید حماقتیں (Urdu) / (Record no. 591315)
[ view plain ]
| 000 -LEADER | |
|---|---|
| fixed length control field | 00436nam a22001457a 4500 |
| 020 ## - INTERNATIONAL STANDARD BOOK NUMBER | |
| International Standard Book Number | 969-35-1227-8 |
| 040 ## - CATALOGING SOURCE | |
| Transcribing agency | NUST |
| 082 ## - DEWEY DECIMAL CLASSIFICATION NUMBER | |
| Classification number | 891.4397,REH |
| 100 ## - MAIN ENTRY--PERSONAL NAME | |
| Personal name | Rehman, Shafiq ur |
| 9 (RLIN) | 34705 |
| 245 ## - TITLE STATEMENT | |
| Title | Mazeed Hamaqatain / مزید حماقتیں (Urdu) / |
| Statement of responsibility, etc. | Shafiq ur Rehman |
| 260 ## - PUBLICATION, DISTRIBUTION, ETC. | |
| Place of publication, distribution, etc. | Lahore |
| Name of publisher, distributor, etc. | Sang e Mell |
| Date of publication, distribution, etc. | 2016 |
| 300 ## - PHYSICAL DESCRIPTION | |
| Extent | 287 p.; |
| 650 ## - SUBJECT ADDED ENTRY--TOPICAL TERM | |
| Topical term or geographic name entry element | Urdu Literature |
| General subdivision | Essays and short stories |
| 9 (RLIN) | 110455 |
| 942 ## - ADDED ENTRY ELEMENTS (KOHA) | |
| Source of classification or shelving scheme | |
| Koha item type | Book |
| Call number prefix | 891.4397,REH |
| Withdrawn status | Lost status | Source of classification or shelving scheme | Damaged status | Not for loan | Permanent Location | Current Location | Shelving location | Date acquired | Total Checkouts | Full call number | Barcode | Date last seen | Date last checked out | Price effective from | Koha item type | Public note |
|---|---|---|---|---|---|---|---|---|---|---|---|---|---|---|---|---|
| Military College of Signals (MCS) | Military College of Signals (MCS) | General Stacks | 08/24/2022 | 1 | 891.4397,REH | MCS37939 | 09/01/2022 | 08/24/2022 | 08/24/2022 | Book | Almirah No.66, Shelf No.4 | |||||
| Military College of Signals (MCS) | Military College of Signals (MCS) | General Stacks | 01/14/2025 | 1 | 891.4397,REH | MCS38891 | 11/14/2025 | 10/24/2025 | 01/14/2025 | Book | Almirah No.66, Shelf No.4 |
